<?xml version="1.0" encoding="UTF-8"?>
<record
    xmlns:xsi="http://www.w3.org/2001/XMLSchema-instance"
    xsi:schemaLocation="http://www.loc.gov/MARC21/slim http://www.loc.gov/standards/marcxml/schema/MARC21slim.xsd"
    xmlns="http://www.loc.gov/MARC21/slim">

  <leader>01495nam0a22003131  4500</leader>
  <controlfield tag="001">rc\93682</controlfield>
  <controlfield tag="005">20250620180215.0</controlfield>
  <datafield tag="010" ind1=" " ind2=" ">
    <subfield code="a">5-85584-107-3</subfield>
    <subfield code="b">&#x422;&#x43E;&#x432;&#x430;&#x440;&#x438;&#x449;&#x435;&#x441;&#x442;&#x432;&#x43E; "&#x41F;&#x440;&#x438;&#x434;&#x435;&#x441;&#x435;&#x43D;&#x44C;&#x435;"</subfield>
    <subfield code="9">3000</subfield>
  </datafield>
  <datafield tag="035" ind1=" " ind2=" ">
    <subfield code="a">(NLR Aleph) 005359196</subfield>
  </datafield>
  <datafield tag="090" ind1=" " ind2=" ">
    <subfield code="a">6879969</subfield>
    <subfield code="c">6879969</subfield>
  </datafield>
  <datafield tag="100" ind1=" " ind2=" ">
    <subfield code="a">20021216d1995    |||y0rusy50      ca</subfield>
  </datafield>
  <datafield tag="101" ind1="0" ind2=" ">
    <subfield code="a">rus</subfield>
  </datafield>
  <datafield tag="102" ind1=" " ind2=" ">
    <subfield code="a">RU</subfield>
  </datafield>
  <datafield tag="105" ind1=" " ind2=" ">
    <subfield code="a">a   |||||||||</subfield>
  </datafield>
  <datafield tag="200" ind1="1" ind2=" ">
    <subfield code="a">&#x418;&#x437; &#x434;&#x443;&#x448;&#x438; &#x432;&#x44B;&#x43B;&#x438;&#x432;&#x430;&#x44E;&#x442;&#x441;&#x44F; &#x437;&#x432;&#x443;&#x43A;&#x438;</subfield>
    <subfield code="e">[&#x421;&#x442;&#x438;&#x445;&#x438;]</subfield>
    <subfield code="f">&#x41F;&#x430;&#x432;&#x435;&#x43B; &#x413;&#x43E;&#x440;&#x448;&#x435;&#x447;&#x43D;&#x438;&#x43A;&#x43E;&#x432;</subfield>
  </datafield>
  <datafield tag="210" ind1=" " ind2=" ">
    <subfield code="a">&#x411;&#x440;&#x44F;&#x43D;&#x441;&#x43A;</subfield>
    <subfield code="c">&#x422;&#x43E;&#x432;&#x430;&#x440;&#x438;&#x449;&#x435;&#x441;&#x442;&#x432;&#x43E; "&#x41F;&#x440;&#x438;&#x434;&#x435;&#x441;&#x435;&#x43D;&#x44C;&#x435;"</subfield>
    <subfield code="c">&#x424;&#x43E;&#x43D;&#x434; "&#x412;&#x434;&#x43E;&#x445;&#x43D;&#x43E;&#x432;&#x435;&#x43D;&#x44C;&#x435;"</subfield>
    <subfield code="d">1995</subfield>
  </datafield>
  <datafield tag="215" ind1=" " ind2=" ">
    <subfield code="a">106 &#x441;.</subfield>
    <subfield code="c">&#x438;&#x43B;.</subfield>
    <subfield code="d">17</subfield>
  </datafield>
  <datafield tag="327" ind1="1" ind2=" ">
    <subfield code="a">&#x421;&#x43E;&#x434;&#x435;&#x440;&#x436;.: "&#x42F; &#x43D;&#x435; &#x43F;&#x43E;&#x44D;&#x442;. &#x42F; &#x44D;&#x442;&#x43E; &#x43E;&#x442;&#x440;&#x438;&#x446;&#x430;&#x44E;..."; &#x426;&#x438;&#x43A;&#x43B;&#x44B;: "&#x41E; &#x441;&#x435;&#x431;&#x435;"; "&#x41E; &#x436;&#x438;&#x437;&#x43D;&#x438;, &#x441;&#x43C;&#x435;&#x440;&#x442;&#x438; &#x438; &#x43F;&#x440;&#x438;&#x440;&#x43E;&#x434;&#x435;"; "&#x41E; &#x43B;&#x438;&#x440;&#x438;&#x43A;&#x435;"; "&#x418; &#x43E; &#x43B;&#x44E;&#x431;&#x432;&#x438;"</subfield>
  </datafield>
  <datafield tag="464" ind1=" " ind2="0">
    <subfield code="1">2001#$a&#x88;"&#x89;&#x42F; &#x43D;&#x435; &#x43F;&#x43E;&#x44D;&#x442;. &#x42F; &#x44D;&#x442;&#x43E; &#x43E;&#x442;&#x440;&#x438;&#x446;&#x430;&#x44E;..."</subfield>
    <subfield code="t">&#x88;"&#x89;&#x42F; &#x43D;&#x435; &#x43F;&#x43E;&#x44D;&#x442;. &#x42F; &#x44D;&#x442;&#x43E; &#x43E;&#x442;&#x440;&#x438;&#x446;&#x430;&#x44E;..."</subfield>
  </datafield>
  <datafield tag="464" ind1=" " ind2="0">
    <subfield code="1">2001#$a&#x88;"&#x89;&#x41E; &#x441;&#x435;&#x431;&#x435;"</subfield>
    <subfield code="t">&#x88;"&#x89;&#x41E; &#x441;&#x435;&#x431;&#x435;"</subfield>
  </datafield>
  <datafield tag="464" ind1=" " ind2="0">
    <subfield code="1">2001#$a&#x88;"&#x89;&#x41E; &#x436;&#x438;&#x437;&#x43D;&#x438;, &#x441;&#x43C;&#x435;&#x440;&#x442;&#x438; &#x438; &#x43F;&#x440;&#x438;&#x440;&#x43E;&#x434;&#x435;"</subfield>
    <subfield code="t">&#x88;"&#x89;&#x41E; &#x436;&#x438;&#x437;&#x43D;&#x438;, &#x441;&#x43C;&#x435;&#x440;&#x442;&#x438; &#x438; &#x43F;&#x440;&#x438;&#x440;&#x43E;&#x434;&#x435;"</subfield>
  </datafield>
  <datafield tag="464" ind1=" " ind2="0">
    <subfield code="1">2001#$a&#x88;"&#x89;&#x41E; &#x43B;&#x438;&#x440;&#x438;&#x43A;&#x435;"</subfield>
    <subfield code="t">&#x88;"&#x89;&#x41E; &#x43B;&#x438;&#x440;&#x438;&#x43A;&#x435;"</subfield>
  </datafield>
  <datafield tag="464" ind1=" " ind2="0">
    <subfield code="1">2001#$a&#x88;"&#x89;&#x418; &#x43E; &#x43B;&#x44E;&#x431;&#x432;&#x438;"</subfield>
    <subfield code="t">&#x88;"&#x89;&#x418; &#x43E; &#x43B;&#x44E;&#x431;&#x432;&#x438;"</subfield>
  </datafield>
  <datafield tag="700" ind1=" " ind2="1">
    <subfield code="a">&#x413;&#x43E;&#x440;&#x448;&#x435;&#x447;&#x43D;&#x438;&#x43A;&#x43E;&#x432;</subfield>
    <subfield code="b">&#x41F;.&#x412;.</subfield>
    <subfield code="f">1980-</subfield>
    <subfield code="g">&#x41F;&#x430;&#x432;&#x435;&#x43B; &#x412;&#x43B;&#x430;&#x434;&#x438;&#x43C;&#x438;&#x440;&#x43E;&#x432;&#x438;&#x447;</subfield>
  </datafield>
  <datafield tag="801" ind1=" " ind2="0">
    <subfield code="a">RU</subfield>
    <subfield code="b">NLR</subfield>
    <subfield code="g">psbo</subfield>
  </datafield>
  <datafield tag="801" ind1=" " ind2="1">
    <subfield code="a">RU</subfield>
    <subfield code="b">ELAR</subfield>
    <subfield code="2">rusmarc</subfield>
  </datafield>
  <datafield tag="852" ind1=" " ind2=" ">
    <subfield code="a">NLR</subfield>
    <subfield code="j">96-2/574</subfield>
  </datafield>
  <datafield tag="942" ind1=" " ind2=" ">
    <subfield code="c">BOOK</subfield>
  </datafield>
  <datafield tag="980" ind1=" " ind2=" ">
    <subfield code="a">NB</subfield>
  </datafield>
  <datafield tag="995" ind1=" " ind2=" ">
    <subfield code="5">2013-10-26</subfield>
    <subfield code="b">NLR01</subfield>
    <subfield code="c">NLR01</subfield>
    <subfield code="e">RF8</subfield>
    <subfield code="f">5359196-10</subfield>
    <subfield code="k">96-2/574</subfield>
    <subfield code="o">0</subfield>
    <subfield code="r">BOOK</subfield>
    <subfield code="s">962574_</subfield>
  </datafield>
</record>
